| 000 | 00666nam a22001937a 4500 | ||
|---|---|---|---|
| 999 |
_c170872 _d170872 |
||
| 005 | 20191227160426.0 | ||
| 010 | _aA-603739 | ||
| 020 |
_c22.00 _a- |
||
| 035 | _aA-603739 | ||
| 037 | _bBPPD | ||
| 082 | _a841.8 | ||
| 100 | _aمحمد يعقو ب عا مر | ||
| 245 |
_aا ر د و کے ا بتد ا ئ ا د بی معر کے _cمحمد يعقو ب عا مر |
||
| 246 |
_aUrdu ke Ibtadai Adabi Maarkey (Urdu) _bby Mohd. Yaqoob Amir |
||
| 260 |
_aN.D. _c1992 ء _bDirector Taraqui Urdu beoro |
||
| 270 |
_aNew Rohtak Road West Block 8,R.K.puram _bN.Delhi _k- _e110066 |
||
| 300 |
_a251 ص _c22 cm(hb) |
||
| 942 |
_2ddc _cUR _h841.8 _mم ح م |
||